[Event "Madrid ch - Previa A"]
[Site "Madrid ESP"]
[Date "2008.11.18"]
[Round "8.13"]
[White "Rodriguez Lopez-Cañizares, Francisco"]
[Black "Ortega Morales, Pedro"]
[Result "0-1"]
[WhiteElo "1692"]
[BlackElo "1911"]
[PlyCount "62"]
[EventDate "2008.11.03"]
[EventRounds "9"]
[EventCountry "ESP"]
[Source "lmi"]
[SourceDate "2008.11.03"]

1. e4 e5 2. f4 exf4 3. Nf3 g5 4. Nc3 h5 5. h3 Bg7 6. d4 d6 7. e5 g4 8. Bxf4
gxf3 9. Qxf3 Ne7 10. Bc4 d5 11. Nxd5 Be6 12. Nf6+ Bxf6 13. exf6 Nd5 14. Be5 Nc6
15. O-O-O Nxe5 16. dxe5 c6 17. Bb3 b5 18. c4 bxc4 19. Bxc4 Qb6 20. Qa3 Qe3+ 21.
Rd2 Qxa3 22. bxa3 Rb8 23. Re1 Rg8 24. Rc2 Rg6 25. Bb3 Rb6 26. Ree2 Nf4 27. Red2
Nd3+ 28. Kd1 Bxb3 29. axb3 Rxb3 30. Rxc6 Rb1+ 31. Kc2 Rc1+ 0-1

[Event "Madrid ch - Previa A"]
[Site "Madrid ESP"]
[Date "2008.11.18"]
[Round "8.14"]
[White "Romero Jaime, Pedro"]
[Black "Baeza Escudero, Javier"]
[Result "0-1"]
[WhiteElo "1743"]
[BlackElo "1901"]
[PlyCount "85"]
[EventDate "2008.11.03"]
[EventRounds "9"]
[EventCountry "ESP"]
[Source "lmi"]
[SourceDate "2008.11.03"]

1. Nf3 Nf6 2. d4 d5 3. h3 Bf5 4. Bf4 e6 5. Nbd2 c5 6. c4 Nc6 7. e3 Qb6 8. cxd5
exd5 9. Nh4 Be6 10. dxc5 Bxc5 11. Be2 d4 12. exd4 Bxd4 13. O-O Rd8 14. Nhf3
Bxb2 15. Be3 Qb4 16. Rb1 Bf5 17. Bc5 Qxc5 18. Rxb2 b6 19. Rb5 Qc2 20. Qe1 O-O
21. Qa1 Bd7 22. Rc1 Qg6 23. Rg5 Qh6 24. Rc4 Ne8 25. Rh4 Qf6 26. Qb1 g6 27. Ne4
Qg7 28. Ng3 Nf6 29. Nh5 Nxh5 30. Rhxh5 Rfe8 31. Bb5 Qc3 32. Bd3 Nd4 33. Ne5 Nc6
34. Bxg6 Rxe5 35. Bxf7+ Kxf7 36. Rxh7+ Ke6 37. Rg6+ Kd5 38. Qb5+ Qc5 39. Qd3+
Nd4 40. Rhh6 Qc1+ 41. Kh2 Qf4+ 42. Qg3 Qxg3+ 43. fxg3 0-1

[Event "Madrid ch - Previa A"]
[Site "Madrid ESP"]
[Date "2008.11.18"]
[Round "8.15"]
[White "Maseda Iglesias, Luis"]
[Black "Arias De Reina Martinez, Francisco"]
[Result "1-0"]
[WhiteElo "1896"]
[BlackElo "1621"]
[PlyCount "75"]
[EventDate "2008.11.03"]
[EventRounds "9"]
[EventCountry "ESP"]
[Source "lmi"]
[SourceDate "2008.11.03"]

1. d4 Nf6 2. c4 g6 3. Nc3 d5 4. Bf4 Bg7 5. e3 O-O 6. cxd5 Nxd5 7. Nxd5 Qxd5 8.
Bxc7 Nc6 9. Nf3 Bg4 10. Be2 Rac8 11. Bg3 Rfd8 12. O-O e5 13. Nxe5 Bxe2 14. Qxe2
Nxe5 15. Bxe5 Bxe5 16. dxe5 Qxe5 17. Rad1 Rxd1 18. Rxd1 Qc5 19. Kf1 Qc2 20. f3
Qxe2+ 21. Kxe2 Rc2+ 22. Rd2 Rc5 23. g4 h5 24. h3 hxg4 25. hxg4 Kg7 26. e4 Kf6
27. Ke3 Ke6 28. f4 Ke7 29. g5 Ke6 30. Kd3 Rc6 31. Rc2 Rd6+ 32. Ke3 Rd7 33. Rc5
Rd1 34. f5+ Kd6 35. b4 b6 36. e5+ Kd7 37. e6+ Kd6 38. exf7 1-0

[Event "Madrid ch - Previa A"]
[Site "Madrid ESP"]
[Date "2008.11.18"]
[Round "8.16"]
[White "Marcelo De La Mata, Daniel"]
[Black "Lopez Peral, Enrique"]
[Result "0-1"]
[WhiteElo "1507"]
[BlackElo "1895"]
[PlyCount "56"]
[EventDate "2008.11.03"]
[EventRounds "9"]
[EventCountry "ESP"]
[Source "lmi"]
[SourceDate "2008.11.03"]

1. e4 e5 2. Nf3 Nf6 3. d3 Nc6 4. g3 Bb4+ 5. Nc3 O-O 6. Bg2 d5 7. Bd2 Bxc3 8.
Bxc3 dxe4 9. Ng5 exd3 10. cxd3 Nd5 11. Bd2 Ndb4 12. O-O Nxd3 13. Be4 g6 14. h4
Nc5 15. Bc2 Nd4 16. b4 Nxc2 17. Qxc2 Ne6 18. Rac1 Nd4 19. Qc4 h6 20. Kg2 b5 21.
Qc5 Bb7+ 22. Kh2 hxg5 23. Bxg5 Nf3+ 24. Kh3 Nxg5+ 25. hxg5 Qxg5 26. g4 Qh6+ 27.
Kg3 Qf4+ 28. Kh4 Kg7 0-1

[Event "Madrid ch - Previa A"]
[Site "Madrid ESP"]
[Date "2008.11.18"]
[Round "8.19"]
[White "Garcia Lopez, Pedro"]
[Black "Boni De Aristizabal, Marco"]
[Result "1-0"]
[WhiteElo "1839"]
[BlackElo "1934"]
[PlyCount "85"]
[EventDate "2008.11.03"]
[EventRounds "9"]
[EventCountry "ESP"]
[Source "lmi"]
[SourceDate "2008.11.03"]

1. d4 Nf6 2. c4 e6 3. Nc3 Bb4 4. a3 Bxc3+ 5. bxc3 O-O 6. Bg5 h6 7. Bh4 d5 8. e3
c6 9. Nf3 Nbd7 10. cxd5 cxd5 11. Bd3 Qa5 12. Qb3 a6 13. O-O b5 14. h3 g5 15.
Bg3 Ne4 16. Bxe4 dxe4 17. Ne5 Nf6 18. a4 Bb7 19. c4 Qb6 20. axb5 axb5 21. cxb5
Bd5 22. Qb4 Kg7 23. Rfc1 Rab8 24. Ra5 Rb7 25. Rc5 Nd7 26. Nxd7 Rxd7 27. Ra6 Qb7
28. Qa5 Ra8 29. Rxa8 Qxa8 30. Qxa8 Bxa8 31. b6 Bd5 32. Bc7 Bb7 33. Ra5 Rd5 34.
Ra7 Bc6 35. b7 Bxb7 36. Rxb7 Kf8 37. Be5 Ra5 38. f4 exf3 39. gxf3 Ke8 40. Bd6
Rf5 41. Kg2 h5 42. e4 Rf6 43. Kg3 1-0

[Event "Madrid ch - Previa A"]
[Site "Madrid ESP"]
[Date "2008.11.18"]
[Round "8.24"]
[White "Suarez Mencia, Roberto"]
[Black "Martinez Miura, Enrique"]
[Result "1-0"]
[WhiteElo "1658"]
[BlackElo "1779"]
[PlyCount "79"]
[EventDate "2008.11.03"]
[EventRounds "9"]
[EventCountry "ESP"]
[Source "lmi"]
[SourceDate "2008.11.03"]

1. c4 e6 2. g3 Nf6 3. Bg2 d5 4. cxd5 exd5 5. e3 Be7 6. Ne2 O-O 7. Nbc3 c6 8. d4
Bf5 9. O-O Na6 10. a3 Qd7 11. b4 Bh3 12. Nf4 Bxg2 13. Nxg2 Bd6 14. Qf3 Qh3 15.
Nf4 Bxf4 16. exf4 Rfe8 17. Qg2 Qf5 18. f3 Nc7 19. g4 Qd3 20. Qd2 Qxd2 21. Bxd2
Nd7 22. f5 Nb6 23. Bf4 Nb5 24. Nxb5 cxb5 25. f6 Nc4 26. Rfe1 gxf6 27. Bh6 Re6
28. Rxe6 fxe6 29. f4 a5 30. Re1 Kf7 31. f5 e5 32. dxe5 fxe5 33. g5 axb4 34.
axb4 Ra4 35. h4 Rxb4 36. h5 Ra4 37. g6+ hxg6 38. fxg6+ Kg8 39. Rf1 Ra8 40. g7
1-0

[Event "Madrid ch - Previa A"]
[Site "Madrid ESP"]
[Date "2008.11.19"]
[Round "9.1"]
[White "Martin Martin, Luis Vicente"]
[Black "Tejedor Ariza, Francisco"]
[Result "0-1"]
[WhiteElo "2085"]
[BlackElo "2031"]
[PlyCount "80"]
[EventDate "2008.11.03"]
[EventRounds "9"]
[EventCountry "ESP"]
[Source "lmi"]
[SourceDate "2008.11.03"]

1. d4 d5 2. Bf4 Nf6 3. Nf3 Bf5 4. e3 c5 5. Bd3 Bxd3 6. Qxd3 e6 7. O-O c4 8. Qe2
Nc6 9. Nbd2 Bd6 10. Bxd6 Qxd6 11. c3 O-O 12. e4 Nxe4 13. Nxe4 dxe4 14. Qxe4
Rfe8 15. Ne5 Qd5 16. Rfe1 Nxe5 17. Qxd5 exd5 18. dxe5 Kf8 19. f4 Ke7 20. Kf2
Kd7 21. Ke3 f6 22. Kd4 fxe5+ 23. Kxd5 exf4 24. Kxc4 Kc6 25. Rxe8 Rxe8 26. Kd3
Re3+ 27. Kd2 Kd5 28. Rf1 Ke4 29. c4 g5 30. c5 a5 31. b3 g4 32. Rc1 Rd3+ 33. Ke2
f3+ 34. gxf3+ gxf3+ 35. Kf2 Rd2+ 36. Kg3 Rg2+ 37. Kh3 Rg6 38. a3 Kd3 39. a4 f2
40. Rb1 Rg1 0-1

[Event "Madrid ch - Previa A"]
[Site "Madrid ESP"]
[Date "2008.11.19"]
[Round "9.2"]
[White "Gabriel y Galan Acevedo, Jesus"]
[Black "Cortes Jurado, Rafael"]
[Result "0-1"]
[WhiteElo "2033"]
[BlackElo "2054"]
[PlyCount "94"]
[EventDate "2008.11.03"]
[EventRounds "9"]
[EventCountry "ESP"]
[Source "lmi"]
[SourceDate "2008.11.03"]

1. d4 Nf6 2. Nf3 g6 3. g3 Bg7 4. Bg2 O-O 5. O-O d6 6. c4 Nbd7 7. Nc3 c6 8. Qc2
e5 9. dxe5 dxe5 10. Rd1 Qc7 11. b3 Nc5 12. Ba3 b6 13. Bxc5 bxc5 14. Rac1 Bf5
15. e4 Bg4 16. h3 Bxf3 17. Bxf3 Rfe8 18. Rd3 Nd7 19. Rcd1 Nf8 20. Bg2 Ne6 21.
Na4 Nd4 22. Qd2 Bf8 23. f4 exf4 24. gxf4 Bh6 25. Rf1 Rad8 26. Kh1 Qe7 27. Qf2
Ne6 28. Rxd8 Rxd8 29. Qg3 Qd6 30. e5 Qd2 31. f5 Nf4 32. Nxc5 Ne2 33. Qg4 Qe3
34. Ne4 Rd4 35. fxg6 hxg6 36. e6 Rxe4 37. exf7+ Kh7 38. Qc8 Ng3+ 39. Kh2 Nxf1+
40. Kh1 Ng3+ 41. Kh2 Bg7 42. Bxe4 Nxe4 43. Qg4 Qf2+ 44. Qg2 Qxg2+ 45. Kxg2 Nd6
46. Kf3 Nxf7 47. b4 Ne5+ 0-1

[Event "Madrid ch - Previa A"]
[Site "Madrid ESP"]
[Date "2008.11.19"]
[Round "9.3"]
[White "Sanz Esteban, Eduardo"]
[Black "Ruiz Quevedo, Andres"]
[Result "1/2-1/2"]
[WhiteElo "1891"]
[BlackElo "1903"]
[PlyCount "80"]
[EventDate "2008.11.03"]
[EventRounds "9"]
[EventCountry "ESP"]
[Source "lmi"]
[SourceDate "2008.11.03"]

1. e4 d6 2. d4 Nf6 3. Nc3 e5 4. Nf3 Nbd7 5. Bc4 Be7 6. Be3 O-O 7. h3 c6 8. Qd2
b5 9. Bd3 Qa5 10. g4 exd4 11. Nxd4 Ne5 12. g5 Nfd7 13. f4 Nxd3+ 14. cxd3 Bb7
15. Nf5 Rfe8 16. Nxe7+ Rxe7 17. f5 d5 18. O-O Qc7 19. Bf4 Qb6+ 20. Kh2 dxe4 21.
Nxe4 Ne5 22. f6 Re6 23. fxg7 Qd4 24. Be3 Qxd3 25. Nc5 Qxd2+ 26. Bxd2 Re7 27.
Rae1 Rae8 28. Bc3 Bc8 29. Ne4 Ng4+ 30. hxg4 Rxe4 31. Rxe4 Rxe4 32. Rd1 Re8 33.
Kg3 Be6 34. Rd6 Bd5 35. Rd7 Bxa2 36. Rxa7 Bd5 37. Ra1 Re3+ 38. Kh4 Re8 39. Rf1
Bg2 40. Rf2 Bd5 1/2-1/2

[Event "Madrid ch - Previa A"]
[Site "Madrid ESP"]
[Date "2008.11.19"]
[Round "9.4"]
[White "Andalon Gomez, Carlos J"]
[Black "Perez Cameselle, Francisco Jose"]
[Result "0-1"]
[WhiteElo "2012"]
[BlackElo "2010"]
[PlyCount "72"]
[EventDate "2008.11.03"]
[EventRounds "9"]
[EventCountry "ESP"]
[Source "lmi"]
[SourceDate "2008.11.03"]

1. d4 Nf6 2. c4 c5 3. d5 e6 4. Nc3 exd5 5. cxd5 d6 6. e4 g6 7. h3 Bg7 8. Nf3
O-O 9. Bd3 Re8 10. O-O c4 11. Bc2 b5 12. a3 a6 13. Re1 Nbd7 14. Be3 Qc7 15. Qd2
Nc5 16. Bd4 Nfd7 17. Bxg7 Kxg7 18. Qd4+ f6 19. Nh2 Ne5 20. Re3 Ned3 21. b4 Nd7
22. Bxd3 cxd3 23. Rxd3 Ne5 24. Rg3 Bd7 25. f4 Nc4 26. Kh1 Qb6 27. Qd1 f5 28.
Nf3 fxe4 29. Nh4 Qf2 30. Kh2 Qxf4 31. Qd4+ Qe5 32. Qxe5+ Rxe5 33. Re1 Rae8 34.
Rge3 Nxe3 35. Rxe3 g5 36. Rg3 Kf6 0-1

[Event "Madrid ch - Previa A"]
[Site "Madrid ESP"]
[Date "2008.11.19"]
[Round "9.5"]
[White "Pardo Robles, Jose M"]
[Black "Garcia Gutierrez, Jose"]
[Result "0-1"]
[WhiteElo "1941"]
[BlackElo "2059"]
[PlyCount "136"]
[EventDate "2008.11.03"]
[EventRounds "9"]
[EventCountry "ESP"]
[Source "lmi"]
[SourceDate "2008.11.03"]

1. e4 e6 2. d4 d5 3. Nc3 Nf6 4. Bg5 Bb4 5. e5 h6 6. Bd2 Bxc3 7. Bxc3 Ne4 8. Bb4
c5 9. dxc5 Nxf2 10. Bb5+ Bd7 11. Bxd7+ Nxd7 12. Qd4 Nxh1 13. Nf3 Qc7 14. O-O-O
Rc8 15. Rxh1 Nxc5 16. c3 b6 17. Kb1 Qc6 18. Qg4 O-O 19. Nd4 Qd7 20. Re1 a5 21.
Ba3 b5 22. Re3 b4 23. cxb4 Ne4 24. Qd1 Rc4 25. bxa5 Rfc8 26. Ne2 Qc6 27. b3
Nc3+ 28. Nxc3 Rxc3 29. Rxc3 Qxc3 30. Bb2 Qxa5 31. a3 Qb5 32. g4 Rb8 33. Ka2 Qb6
34. Bd4 Qc6 35. h4 Rc8 36. Kb2 Qa6 37. Ka2 Rc6 38. g5 hxg5 39. hxg5 Qc8 40. Kb2
g6 41. Qd2 Qa6 42. Qd1 Qb5 43. Ka2 Rc8 44. Kb1 Kg7 45. Ka2 Qc6 46. Kb2 Rh8 47.
Qd2 Rh1 48. a4 Qa6 49. a5 Rf1 50. Ka2 Rf3 51. Be3 Qb5 52. Ka3 Qf1 53. Kb4 Qh3
54. a6 Rxe3 55. Qc2 Re4+ 56. Kb5 Qf1+ 57. Ka5 Qa1+ 58. Kb5 Qa3 59. Qc3 d4 60.
Qc4 Rxe5+ 61. Kb6 Qa5+ 62. Ka7 Rd5 63. Qc8 Rd6 64. b4 Qb6+ 65. Ka8 Rd8 66. Qxd8
Qxd8+ 67. Ka7 Qe7+ 68. Kb8 Qxb4+ 0-1

[Event "Madrid ch - Previa A"]
[Site "Madrid ESP"]
[Date "2008.11.19"]
[Round "9.6"]
[White "Pardiñas Riaño, Emilio"]
[Black "Martin Mazuelo, Miguel Angel"]
[Result "0-1"]
[WhiteElo "1852"]
[BlackElo "1984"]
[PlyCount "162"]
[EventDate "2008.11.03"]
[EventRounds "9"]
[EventCountry "ESP"]
[Source "lmi"]
[SourceDate "2008.11.03"]

1. e4 c5 2. Nf3 e6 3. c3 Nc6 4. Bb5 a6 5. Bxc6 bxc6 6. O-O d5 7. exd5 cxd5 8.
d4 Nf6 9. Be3 c4 10. h3 a5 11. Nbd2 a4 12. b3 axb3 13. axb3 Rxa1 14. Qxa1 cxb3
15. Nxb3 Bd6 16. Nbd2 O-O 17. Rb1 Qc7 18. Qb2 Nd7 19. Ra1 f6 20. Qb3 Nb6 21.
Rb1 Nc4 22. Nxc4 dxc4 23. Qc2 Bb7 24. Qe2 Be4 25. Re1 Bd3 26. Qd1 Ra8 27. Bd2
Qb6 28. Be3 Ra2 29. d5 Qb2 30. dxe6 Qxc3 31. e7 Bxe7 32. Bd2 Rxd2 33. Nxd2 Bb4
34. Nf3 Qc2 35. Qxc2 Bxc2 36. Rc1 Bd3 37. Ne1 Bg6 38. Kf1 Be8 39. Nc2 Bd2 40.
Ra1 c3 41. Ke2 Bb5+ 42. Kf3 f5 43. g3 h5 44. h4 Bc6+ 45. Ke2 Bb5+ 46. Kd1 f4
47. gxf4 Bd7 48. Ke2 Bg4+ 49. f3 Bf5 50. Ne3 Bd7 51. Ra2 Bb5+ 52. Kf2 Bd3 53.
Rxd2 cxd2 54. Nd1 Ba6 55. Ke3 Bb7 56. Kxd2 Bxf3 57. Ne3 Kf7 58. Kd3 Kf6 59. Kd4
g6 60. Kc5 Ke6 61. Kd4 Kf6 62. Nc4 Kf5 63. Ke3 Ba8 64. Ne5 Bb7 65. Kd4 Kxf4 66.
Nxg6+ Kg4 67. Ke5 Bc6 68. Kf6 Be8 69. Ne5+ Kxh4 70. Nf3+ Kg4 71. Ng5 h4 72. Ne4
Bc6 73. Ng5 Bb7 74. Kg6 Bc6 75. Kf6 Bd5 76. Kg6 Be4+ 77. Kf6 Bf5 78. Nf7 h3 79.
Nh6+ Kf3 80. Nxf5 h2 81. Nh4+ Kf2 0-1

[Event "Madrid ch - Previa A"]
[Site "Madrid ESP"]
[Date "2008.11.19"]
[Round "9.7"]
[White "Fernandez Aransay, Fernando"]
[Black "Garcia Gonzalez, Pedro"]
[Result "1/2-1/2"]
[WhiteElo "1958"]
[BlackElo "1919"]
[PlyCount "27"]
[EventDate "2008.11.03"]
[EventRounds "9"]
[EventCountry "ESP"]
[Source "lmi"]
[SourceDate "2008.11.03"]

1. e4 e5 2. Nf3 Nc6 3. d4 exd4 4. Nxd4 Bc5 5. Nxc6 Qf6 6. Qd2 dxc6 7. Bd3 Bd7
8. O-O O-O-O 9. Nc3 Nh6 10. Na4 Bd6 11. Qe3 Kb8 12. h3 Qh4 13. Qg5 Qxg5 14.
Bxg5 1/2-1/2

[Event "Madrid ch - Previa A"]
[Site "Madrid ESP"]
[Date "2008.11.19"]
[Round "9.9"]
[White "Rodriguez Bachiller, Luis"]
[Black "Maseda Iglesias, Luis"]
[Result "0-1"]
[WhiteElo "1892"]
[BlackElo "1896"]
[PlyCount "118"]
[EventDate "2008.11.03"]
[EventRounds "9"]
[EventCountry "ESP"]
[Source "lmi"]
[SourceDate "2008.11.03"]

1. e4 e6 2. d4 d5 3. e5 c5 4. c3 Qb6 5. Nf3 Bd7 6. Bd3 cxd4 7. cxd4 Bb5 8. Nc3
Bxd3 9. Qxd3 Qa6 10. Qb5+ Qxb5 11. Nxb5 Bb4+ 12. Bd2 Bxd2+ 13. Kxd2 Na6 14.
Nd6+ Ke7 15. Rhc1 Nh6 16. h3 f6 17. Nb5 Nf7 18. Nc7 Rad8 19. Nxa6 bxa6 20. Rc7+
Rd7 21. Rac1 Rb8 22. b3 fxe5 23. Nxe5 Nxe5 24. dxe5 Rb4 25. Rxd7+ Kxd7 26. Rc3
Re4 27. Re3 Rf4 28. Ke2 a5 29. g3 Rd4 30. a3 a4 31. b4 Rc4 32. Kd2 a5 33. bxa5
Rc5 34. Rf3 Ke7 35. Rf4 Rxa5 36. Rb4 Ra6 37. f4 Kf7 38. g4 Kg6 39. h4 h5 40. g5
Kf5 41. Ke3 Kg4 42. Rb7 Kxh4 43. Rxg7 Kg3 44. Rh7 h4 45. g6 Ra8 46. Rh5 h3 47.
Rg5+ Kh4 48. Kf3 Rc8 49. g7 Rg8 50. Rg4+ Kh5 51. Kg3 h2 52. Rh4+ Kg6 53. Kxh2
Rxg7 54. Rg4+ Kf7 55. Rxg7+ Kxg7 56. Kg3 Kh6 57. Kg4 Kg6 58. f5+ exf5+ 59. Kf3
Kf7 0-1

[Event "Madrid ch - Previa A"]
[Site "Madrid ESP"]
[Date "2008.11.19"]
[Round "9.10"]
[White "Ortega Morales, Pedro"]
[Black "Cano Mercado, Francisco Manuel"]
[Result "1/2-1/2"]
[WhiteElo "1911"]
[BlackElo "1891"]
[PlyCount "100"]
[EventDate "2008.11.03"]
[EventRounds "9"]
[EventCountry "ESP"]
[Source "lmi"]
[SourceDate "2008.11.03"]

1. d4 Nf6 2. Bf4 g6 3. e3 Bg7 4. Nf3 c5 5. c3 O-O 6. Be2 b6 7. a4 Ba6 8. Bb5
Bb7 9. Nbd2 d5 10. Be2 Nc6 11. O-O cxd4 12. exd4 Rc8 13. h3 Nd7 14. Bb5 Re8 15.
Re1 h6 16. Qb1 a6 17. Bxc6 Rxc6 18. Qd3 Qc8 19. Re3 Nf8 20. Rae1 Qd8 21. b4 Bc8
22. b5 axb5 23. axb5 Bf5 24. Qe2 Re6 25. g4 Rxe3 26. Qxe3 Bd7 27. Bxh6 Bxb5 28.
Bxg7 Kxg7 29. Rb1 Ba4 30. Ra1 b5 31. Ng5 Qd6 32. f4 f6 33. Ngf3 Rc8 34. Re1 Rc7
35. Kg2 Ra7 36. f5 Bc2 37. fxg6 Nxg6 38. Kf2 Ra2 39. Qe6 Qxe6 40. Rxe6 Be4 41.
Kg3 Kf7 42. Rb6 Rc2 43. Rxb5 Rxc3 44. Rb3 Rxb3 45. Nxb3 e5 46. dxe5 Nxe5 47.
Nfd4 Kg6 48. h4 Nf7 49. Nc5 Nd6 50. Kf4 Bg2 1/2-1/2

[Event "Madrid ch - Previa A"]
[Site "Madrid ESP"]
[Date "2008.11.19"]
[Round "9.11"]
[White "Baeza Escudero, Javier"]
[Black "Del Castillo Lopez, Rafael"]
[Result "1-0"]
[WhiteElo "1901"]
[BlackElo "1815"]
[PlyCount "103"]
[EventDate "2008.11.03"]
[EventRounds "9"]
[EventCountry "ESP"]
[Source "lmi"]
[SourceDate "2008.11.03"]

1. e4 c5 2. Nf3 d6 3. d4 cxd4 4. Nxd4 Nf6 5. Nc3 g6 6. Be3 Bg7 7. f3 Nc6 8. Qd2
Bd7 9. Bc4 Ne5 10. Bb3 Qa5 11. Bh6 O-O 12. Bxg7 Kxg7 13. h4 h5 14. O-O-O b5 15.
g4 hxg4 16. h5 Nxh5 17. fxg4 Bxg4 18. Rdg1 Rh8 19. Qf2 Nf6 20. Ndxb5 a6 21. Nd4
Rh5 22. Rxh5 Bxh5 23. Nf5+ Kf8 24. Qf4 Nfg4 25. Rxg4 Nxg4 26. Nxd6 f6 27. Bd5
Ra7 28. Nf7 Qc7 29. e5 g5 30. Nxg5 Qxe5 31. Ne6+ Kf7 32. Nc7+ Kg7 33. Ne6+ Kh8
34. Qf1 Qe3+ 35. Kb1 Qd2 36. a3 Ne3 37. Qh1 Qxc2+ 38. Ka2 Qh7 39. Be4 f5 40.
Qh2 fxe4 41. Qe5+ Kg8 42. Qb8+ Kf7 43. Ng5+ Kg7 44. Nxh7 Bf7+ 45. Kb1 Kxh7 46.
Qxa7 Nc4 47. Qxe7 Kg6 48. Qxe4+ Kg7 49. Qg4+ Kh7 50. Ka1 a5 51. Ne4 Bg6 52.
Ng5+ 1-0

[Event "Madrid ch - Previa A"]
[Site "Madrid ESP"]
[Date "2008.11.19"]
[Round "9.12"]
[White "Lopez Peral, Enrique"]
[Black "Gonzalez Recas, Fernando"]
[Result "1-0"]
[WhiteElo "1895"]
[BlackElo "1862"]
[PlyCount "94"]
[EventDate "2008.11.03"]
[EventRounds "9"]
[EventCountry "ESP"]
[Source "lmi"]
[SourceDate "2008.11.03"]

1. c4 Nf6 2. Nc3 e6 3. g3 d5 4. cxd5 exd5 5. Nf3 c6 6. d4 Be7 7. Bg2 O-O 8. O-O
h6 9. Qc2 Be6 10. Bd2 Nbd7 11. a3 Nb6 12. b3 Rc8 13. h3 Bd6 14. Qd3 a6 15. Nh4
Qd7 16. g4 Nh7 17. Nf5 f6 18. Nxd6 Qxd6 19. Nd1 f5 20. Bb4 Qd7 21. Bxf8 Rxf8
22. f3 f4 23. Qd2 g5 24. Nb2 Qc7 25. Nd3 Nd7 26. Rfc1 Rf6 27. Kf2 Nhf8 28. a4
Bf7 29. b4 Ne6 30. Nc5 Ndxc5 31. bxc5 Bg6 32. Ra3 Rf7 33. a5 Re7 34. Rcc3 Kg7
35. e4 Be8 36. Ra1 Bd7 37. Rcc1 Nf8 38. Re1 Be6 39. Re2 Ng6 40. Rae1 Kf6 41.
exd5 Bxd5 42. Rxe7 Nxe7 43. Bf1 Ng6 44. Bd3 Qf7 45. Bxg6 Kxg6 46. Qe2 Qf6 47.
Qe5 Qxe5 1-0

[Event "Madrid ch - Previa A"]
[Site "Madrid ESP"]
[Date "2008.11.19"]
[Round "9.15"]
[White "Martin-Consuegra Barrilero, Francisco Javier"]
[Black "Diaz Begonte, Manuel"]
[Result "1-0"]
[WhiteElo "1893"]
[BlackElo "1875"]
[PlyCount "91"]
[EventDate "2008.11.03"]
[EventRounds "9"]
[EventCountry "ESP"]
[Source "lmi"]
[SourceDate "2008.11.03"]

1. d4 d5 2. Nf3 Nf6 3. Bf4 e6 4. e3 Bd6 5. Bg3 Ne4 6. Bxd6 Qxd6 7. a3 Nd7 8.
Nbd2 f5 9. c4 c6 10. Qc2 O-O 11. g3 b6 12. Bg2 Bb7 13. O-O e5 14. dxe5 Nxe5 15.
cxd5 cxd5 16. Nxe5 Qxe5 17. Nf3 Qf6 18. Rac1 Rac8 19. Qe2 h6 20. Nd4 Rc5 21.
Bxe4 fxe4 22. b4 Rxc1 23. Rxc1 Ba6 24. b5 Bb7 25. Rc7 Bc8 26. Rxa7 Bh3 27. Qc2
h5 28. Rc7 h4 29. Rc6 Qe7 30. Qb3 Qg5 31. Rxb6 Kh7 32. Rc6 Bd7 33. Rc2 Qg4 34.
Rc1 hxg3 35. fxg3 Rf6 36. Rf1 Rh6 37. Rf2 Qg5 38. a4 Bh3 39. a5 Rf6 40. Rf4
Rxf4 41. exf4 Qf6 42. Qxd5 g6 43. b6 e3 44. Qe5 e2 45. Nxe2 Qc6 46. Qc7+ 1-0

[Event "Madrid ch - Previa A"]
[Site "Madrid ESP"]
[Date "2008.11.19"]
[Round "9.16"]
[White "Arias De Reina Martinez, Francisco"]
[Black "Canseco Arenas, Alfonso"]
[Result "0-1"]
[WhiteElo "1621"]
[BlackElo "1822"]
[PlyCount "118"]
[EventDate "2008.11.03"]
[EventRounds "9"]
[EventCountry "ESP"]
[Source "lmi"]
[SourceDate "2008.11.03"]

1. e4 d6 2. d4 g6 3. c4 Bg7 4. Nc3 Nd7 5. Nf3 c5 6. Be3 b6 7. Be2 cxd4 8. Nxd4
Bb7 9. O-O Ngf6 10. f3 O-O 11. Qd2 Rc8 12. Rac1 Ne5 13. b3 Ned7 14. Rfd1 a6 15.
Bh6 Nc5 16. Bxg7 Kxg7 17. Kh1 Re8 18. Nc2 Qc7 19. Ne3 Qd8 20. Ncd5 Ncd7 21. Qd4
Rf8 22. f4 Kg8 23. e5 Nxd5 24. Nxd5 dxe5 25. fxe5 e6 26. Ne7+ Qxe7 27. Qxd7 Rc7
28. Qxe7 Rxe7 29. Kg1 Rc8 30. b4 Rec7 31. Rc3 Kf8 32. Rd6 Rc6 33. Rxc6 Rxc6 34.
Rd3 Ke7 35. Bf3 Rc7 36. Bxb7 Rxb7 37. Rd6 a5 38. a3 axb4 39. axb4 f6 40. c5
bxc5 41. bxc5 fxe5 42. Rd2 Rc7 43. Rc2 Kf6 44. Kf2 Kf5 45. Kf3 e4+ 46. Ke3 Ke5
47. c6 Kd5 48. Rd2+ Kxc6 49. Kxe4 Rd7 50. Rc2+ Kd6 51. Ra2 Ke7 52. Ra5 Kf6 53.
h4 h5 54. Ra8 Rd5 55. Rf8+ Ke7 56. Rf2 Ra5 57. Rb2 Kf6 58. Rc2 Ra4+ 59. Ke3
Rxh4 0-1

[Event "Madrid ch - Previa A"]
[Site "Madrid ESP"]
[Date "2008.11.19"]
[Round "9.22"]
[White "Galan Aguado, Fernando"]
[Black "Aburto Renovales, Rafael"]
[Result "1-0"]
[WhiteElo "1811"]
[BlackElo "1530"]
[PlyCount "85"]
[EventDate "2008.11.03"]
[EventRounds "9"]
[EventCountry "ESP"]
[Source "lmi"]
[SourceDate "2008.11.03"]

1. d4 Nf6 2. Nf3 d5 3. Nbd2 g6 4. c3 Bg7 5. Ne5 O-O 6. Ndf3 Nbd7 7. Bf4 c6 8.
e3 e6 9. h3 Ne4 10. Be2 Ndf6 11. O-O Nh5 12. Bh2 f6 13. Nd3 Bh6 14. Nfe1 Ng7
15. Nf3 Nf5 16. Qc1 Qe7 17. c4 Bd7 18. c5 b6 19. b4 Bc8 20. cxb6 axb6 21. Qxc6
Qd8 22. Qxa8 Nc3 23. Bd1 Nd6 24. Qc6 Nde4 25. Bc7 Qe7 26. Qxb6 Bd7 27. Nc5 Nxc5
28. bxc5 Nb5 29. a4 Nc3 30. Bd6 Qe8 31. Bxf8 Bxf8 32. a5 Bb5 33. Re1 Be7 34.
Qxe6+ Kg7 35. Bb3 Bd7 36. Qb6 Nb5 37. Bxd5 Bd8 38. Qb7 Nc7 39. c6 Be6 40. Bxe6
Qxe6 41. a6 Kf8 42. a7 Ke8 43. a8=Q 1-0

[Event "Madrid ch - Previa A"]
[Site "Madrid ESP"]
[Date "2008.11.19"]
[Round "9.23"]
[White "Boni De Aristizabal, Marco"]
[Black "Corredor Gonzalez, Angel L"]
[Result "0-1"]
[WhiteElo "1934"]
[BlackElo "1817"]
[PlyCount "28"]
[EventDate "2008.11.03"]
[EventRounds "9"]
[EventCountry "ESP"]
[Source "lmi"]
[SourceDate "2008.11.03"]

1. e4 e5 2. Nf3 Nf6 3. Nxe5 d6 4. Nxf7 Kxf7 5. d4 d5 6. e5 Ne4 7. Qf3+ Ke8 8.
Bd3 Qh4 9. h3 Bb4+ 10. c3 Rf8 11. Bxe4 Rxf3 12. Bxf3 Ba5 13. b4 Bxb4 14. cxb4
Qxd4 0-1

[Event "Madrid ch - Previa A"]
[Site "Madrid ESP"]
[Date "2008.11.19"]
[Round "9.26"]
[White "Martinez Miura, Enrique"]
[Black "Cortijo Manso, Luis"]
[Result "1-0"]
[WhiteElo "1779"]
[BlackElo "1689"]
[PlyCount "73"]
[EventDate "2008.11.03"]
[EventRounds "9"]
[EventCountry "ESP"]
[Source "lmi"]
[SourceDate "2008.11.03"]

1. e4 c5 2. c4 Nc6 3. Nc3 d6 4. g3 Nf6 5. Bg2 Nb4 6. d3 e5 7. a3 Nc6 8. Nge2
Be7 9. O-O O-O 10. Nd5 Bg4 11. f3 Be6 12. Bd2 Qc8 13. Nxe7+ Nxe7 14. Bg5 Ng6
15. Bxf6 gxf6 16. Qd2 Bh3 17. Qh6 Bxg2 18. Kxg2 f5 19. h4 f4 20. h5 Qe6 21.
hxg6 Qxg6 22. Qxg6+ fxg6 23. g4 Rf7 24. Rh1 Rb8 25. b4 b6 26. b5 Rbb7 27. Nc3
Rg7 28. g5 Rb8 29. Nd5 Ra8 30. a4 Rf7 31. a5 bxa5 32. Rxa5 Rb7 33. Ra6 Rd8 34.
Rha1 h5 35. Rxa7 Rdb8 36. Rxb7 Rxb7 37. b6 1-0